• 首页
  • 本馆介绍
  • 公告通知
  • 最新文献
  • 馆藏检索
  • 电子资源
  • 读者导购
  • 参考咨询
  • 我的图书馆
  • 登录
  • 详细信息显示
  • 放入我的书架
  • 预约/预借图书
  • 作者相关作品
  • 分类相关作品
  • 丛书相关作品
  • 出版社相关作品

书目信息

  • 表格格式
  • 工作单格式
  • 卡片格式
书名: Understanding human communication
作者: Ronald B. Adler, George Rodman.
分册号:
分册名:
出版地: Ft. Worth :
 
出版社: Harcourt College Publishers
出版时间: c2000.
页数: xxi, 429 p. :
开本: 27 cm.
丛书名:
中图分类号:
科图分类号:
其他分类号: C912.6
主题词:
电子资源:
000 01057cam a2200289 a 450
001 E075772984
005 20070517095234.34
008 990520s2000 txua b 001 0 eng
010    @a99063834
020    @a0155073141.
035    @A(DLC) 99063834
040    @aDLC@cDLC@dDLC
050 00 @aP90@b.A32 2000
082 00 @a302.2@2 21
090    @aC912.6
099    @dC912.6@ex195=7
100 1  @aAdler, Ronald B.@q(Ronald Brian),@d1946-
245 10 @aUnderstanding human communication / @cRonald B. Adler, George Rodman.
250    @a7th ed.
260    @aFt. Worth :@bHarcourt College Publishers,@cc2000.
300    @axxi, 429 p. :@bill. (some col.) ;@c27 cm.
504    @aIncludes bibliographical references and index.
650  0 @aCommunication.
700 1  @aRodman, George R.,@d1948-
906    @a7@bcbc@corignew@d3@eopcn@f19@gy-gencatlg
925 0  @aacquire@b1 shelf copy@xpolicy default
955    @apn10/e-pcn 05-20-99;to HLCD pb02 02-15-00; lg01 02-29-00; to le03 for subj (P) 03-01-00; le03 03-06-00; le28 to Dewey 03-27-00; aa01 04-03-00
    
    Understanding human communication / / Ronald B. Adler, George Rodman.-7th ed.-Ft. Worth : : Harcourt College Publishers, , c2000.
    xxi, 429 p. : : ill. (some col.) ; ; 27 cm.
    Includes bibliographical references and index.
    
    ISBN 0155073141.
    
●
相关链接 在E读中查询图书 在五车中查询图书 在当当中查询图书 在豆瓣中查询图书


正题名:Understanding human communication     索取号:C912.6/x195=7         预约/预借

序号 登录号 条形码 馆藏地/架位号 状态 备注
1 10175   300101752   第二样本阅览室/ [索取号:C912.6/x195=7] 在馆    
唐山师范学院图书馆 欢迎您!
大连网信软件有限公司© 版权所有